<?xml version="1.0" encoding="UTF-8"?>
<record
    xmlns:xsi="http://www.w3.org/2001/XMLSchema-instance"
    xsi:schemaLocation="http://www.loc.gov/MARC21/slim http://www.loc.gov/standards/marcxml/schema/MARC21slim.xsd"
    xmlns="http://www.loc.gov/MARC21/slim">

  <leader>00395nam a22001337a 4500</leader>
  <datafield tag="020" ind1=" " ind2=" ">
    <subfield code="a">9780070659940</subfield>
  </datafield>
  <datafield tag="082" ind1=" " ind2=" ">
    <subfield code="2">22</subfield>
    <subfield code="a">620.1054</subfield>
  </datafield>
  <datafield tag="100" ind1=" " ind2=" ">
    <subfield code="a">Beer, Ferdinand P. and Johnston E. Russell.</subfield>
  </datafield>
  <datafield tag="245" ind1=" " ind2=" ">
    <subfield code="a">Vector mechanics for engineers statics and dynamics /</subfield>
  </datafield>
  <datafield tag="250" ind1=" " ind2=" ">
    <subfield code="a">8th.</subfield>
  </datafield>
  <datafield tag="260" ind1=" " ind2=" ">
    <subfield code="a">New Delhi,</subfield>
    <subfield code="b">Tata McGraw Hill,</subfield>
    <subfield code="c">c2007.</subfield>
  </datafield>
  <datafield tag="300" ind1=" " ind2=" ">
    <subfield code="a">xxvii, 1326 p. </subfield>
    <subfield code="b">ill. ;</subfield>
    <subfield code="c">24 cm.</subfield>
  </datafield>
  <datafield tag="942" ind1=" " ind2=" ">
    <subfield code="2">ddc</subfield>
    <subfield code="c">MATHS</subfield>
    <subfield code="0">2</subfield>
  </datafield>
  <datafield tag="999" ind1=" " ind2=" ">
    <subfield code="c">3176</subfield>
    <subfield code="d">3176</subfield>
  </datafield>
  <datafield tag="952" ind1=" " ind2=" ">
    <subfield code="0">0</subfield>
    <subfield code="1">0</subfield>
    <subfield code="2">ddc</subfield>
    <subfield code="4">0</subfield>
    <subfield code="7">1</subfield>
    <subfield code="8">REF</subfield>
    <subfield code="a">LIB001</subfield>
    <subfield code="b">LIB001</subfield>
    <subfield code="d">2014-07-05</subfield>
    <subfield code="g">297.50</subfield>
    <subfield code="l">0</subfield>
    <subfield code="o">620.1054</subfield>
    <subfield code="p">30904</subfield>
    <subfield code="r">2014-07-05 00:00:00</subfield>
    <subfield code="t">1</subfield>
    <subfield code="v">645.00</subfield>
    <subfield code="w">2014-07-05</subfield>
    <subfield code="y">MATHS</subfield>
  </datafield>
  <datafield tag="952" ind1=" " ind2=" ">
    <subfield code="0">0</subfield>
    <subfield code="1">0</subfield>
    <subfield code="2">ddc</subfield>
    <subfield code="4">0</subfield>
    <subfield code="7">0</subfield>
    <subfield code="8">NFIC</subfield>
    <subfield code="a">LIB001</subfield>
    <subfield code="b">LIB001</subfield>
    <subfield code="d">2014-07-05</subfield>
    <subfield code="g">297.50</subfield>
    <subfield code="l">0</subfield>
    <subfield code="o">620.1054</subfield>
    <subfield code="p">30905</subfield>
    <subfield code="r">2014-07-05 00:00:00</subfield>
    <subfield code="t">1</subfield>
    <subfield code="v">645.00</subfield>
    <subfield code="w">2014-07-05</subfield>
    <subfield code="y">MATHS</subfield>
  </datafield>
  <datafield tag="952" ind1=" " ind2=" ">
    <subfield code="0">0</subfield>
    <subfield code="1">0</subfield>
    <subfield code="2">ddc</subfield>
    <subfield code="4">0</subfield>
    <subfield code="7">0</subfield>
    <subfield code="8">NFIC</subfield>
    <subfield code="a">LIB001</subfield>
    <subfield code="b">LIB001</subfield>
    <subfield code="d">2014-07-05</subfield>
    <subfield code="g">297.50</subfield>
    <subfield code="l">0</subfield>
    <subfield code="o">620.1054</subfield>
    <subfield code="p">30906</subfield>
    <subfield code="r">2014-07-05 00:00:00</subfield>
    <subfield code="t">1</subfield>
    <subfield code="v">645.00</subfield>
    <subfield code="w">2014-07-05</subfield>
    <subfield code="y">MATHS</subfield>
  </datafield>
  <datafield tag="952" ind1=" " ind2=" ">
    <subfield code="0">0</subfield>
    <subfield code="1">0</subfield>
    <subfield code="2">ddc</subfield>
    <subfield code="4">0</subfield>
    <subfield code="7">0</subfield>
    <subfield code="8">NFIC</subfield>
    <subfield code="a">LIB001</subfield>
    <subfield code="b">LIB001</subfield>
    <subfield code="d">2014-07-05</subfield>
    <subfield code="g">297.50</subfield>
    <subfield code="l">1</subfield>
    <subfield code="m">3</subfield>
    <subfield code="o">620.1054</subfield>
    <subfield code="p">30907</subfield>
    <subfield code="r">2016-06-20 00:00:00</subfield>
    <subfield code="s">2016-04-12</subfield>
    <subfield code="t">1</subfield>
    <subfield code="v">645.00</subfield>
    <subfield code="w">2014-07-05</subfield>
    <subfield code="y">MATHS</subfield>
  </datafield>
  <datafield tag="952" ind1=" " ind2=" ">
    <subfield code="0">0</subfield>
    <subfield code="1">0</subfield>
    <subfield code="2">ddc</subfield>
    <subfield code="4">0</subfield>
    <subfield code="7">0</subfield>
    <subfield code="8">NFIC</subfield>
    <subfield code="a">LIB001</subfield>
    <subfield code="b">LIB001</subfield>
    <subfield code="d">2014-07-05</subfield>
    <subfield code="g">297.50</subfield>
    <subfield code="l">0</subfield>
    <subfield code="o">620.1054</subfield>
    <subfield code="p">30908</subfield>
    <subfield code="r">2018-03-19 00:00:00</subfield>
    <subfield code="t">1</subfield>
    <subfield code="v">645.00</subfield>
    <subfield code="w">2014-07-05</subfield>
    <subfield code="y">MATHS</subfield>
  </datafield>
  <datafield tag="952" ind1=" " ind2=" ">
    <subfield code="0">0</subfield>
    <subfield code="1">0</subfield>
    <subfield code="2">ddc</subfield>
    <subfield code="4">0</subfield>
    <subfield code="7">0</subfield>
    <subfield code="8">NFIC</subfield>
    <subfield code="a">LIB001</subfield>
    <subfield code="b">LIB001</subfield>
    <subfield code="d">2014-07-05</subfield>
    <subfield code="g">297.50</subfield>
    <subfield code="l">1</subfield>
    <subfield code="o">620.1054</subfield>
    <subfield code="p">30909</subfield>
    <subfield code="r">2015-08-06 00:00:00</subfield>
    <subfield code="s">2015-08-06</subfield>
    <subfield code="t">1</subfield>
    <subfield code="v">645.00</subfield>
    <subfield code="w">2014-07-05</subfield>
    <subfield code="y">MATHS</subfield>
  </datafield>
  <datafield tag="952" ind1=" " ind2=" ">
    <subfield code="0">0</subfield>
    <subfield code="1">0</subfield>
    <subfield code="2">ddc</subfield>
    <subfield code="4">0</subfield>
    <subfield code="7">0</subfield>
    <subfield code="8">NFIC</subfield>
    <subfield code="a">LIB001</subfield>
    <subfield code="b">LIB001</subfield>
    <subfield code="d">2014-07-05</subfield>
    <subfield code="g">297.50</subfield>
    <subfield code="l">0</subfield>
    <subfield code="m">1</subfield>
    <subfield code="o">620.1054</subfield>
    <subfield code="p">30910</subfield>
    <subfield code="r">2017-08-09 00:00:00</subfield>
    <subfield code="t">1</subfield>
    <subfield code="v">645.00</subfield>
    <subfield code="w">2014-07-05</subfield>
    <subfield code="y">MATHS</subfield>
  </datafield>
  <datafield tag="952" ind1=" " ind2=" ">
    <subfield code="0">0</subfield>
    <subfield code="1">0</subfield>
    <subfield code="2">ddc</subfield>
    <subfield code="4">0</subfield>
    <subfield code="7">0</subfield>
    <subfield code="8">NFIC</subfield>
    <subfield code="a">LIB001</subfield>
    <subfield code="b">LIB001</subfield>
    <subfield code="d">2014-07-05</subfield>
    <subfield code="g">297.50</subfield>
    <subfield code="l">0</subfield>
    <subfield code="m">1</subfield>
    <subfield code="o">620.1054</subfield>
    <subfield code="p">30911</subfield>
    <subfield code="r">2017-03-09 00:00:00</subfield>
    <subfield code="t">1</subfield>
    <subfield code="v">645.00</subfield>
    <subfield code="w">2014-07-05</subfield>
    <subfield code="y">MATHS</subfield>
  </datafield>
</record>
